LEADER 00739nam2 22002411i 450 001 RML0282650 005 20231121125731.0 100 $a20121121f ||||0itac50 ba 101 | $aita 102 $ait 181 1$6z01$ai $bxxxe 182 1$6z01$an 200 1 $a˜Vol. 2.: œSaggi e ricerche$e1925-1928$fRoberto Longhi 461 1$1001RML0282629$12001 $aEdizione delle opere complete di Roberto Longhi 463 1$1001RML0282653$12001 $aTomo 2: illustrazioni$fRoberto Longhi 463 1$1001RML0340139$12000 $aTomo 1$fRoberto Longhi 700 1$aLonghi$b, Roberto$3RMLV169205$036305 801 3$aIT$bIT-01$c20121121 912 $aRML0282650 967 $m1 977 $a 52 996 $aSaggi e ricerche$9605215 997 $aUNICAS